[Event "TCh-FIN 2005-6"]
[Site "Turku FIN"]
[Date "2006.01.14"]
[Round "6"]
[White "Niemi,K"]
[Black "Paakkonen,T"]
[Result "1/2-1/2"]
[WhiteElo "2272"]
[BlackElo "2263"]

1.e4 c5 2.Nf3 d6 3.d4 cxd4 4.Nxd4 Nf6 5.Nc3 Nc6 6.Bg5 e6 7.Qd2 a6 8.O-O-O Bd7
9.f4 b5 10.Bxf6 gxf6 11.Kb1 Qb6 12.Nxc6 Bxc6 13.Qe1 O-O-O 14.Bd3 Qc5 15.Rf1 Kb8
16.f5 b4 17.Ne2 e5 18.c3 d5 19.Bc2 Be7 20.exd5 Bxd5 21.g3 Bc4 22.b3 Rxd1+
23.Bxd1 Bd3+ 24.Bc2 e4 25.Bxd3 exd3 26.Rf4 dxe2 27.Rxb4+ Ka7 28.Re4 Qxf5
29.Qxe2 Bc5 30.Kb2 Rd8 31.b4 Bb6 32.Rf4 Qe6 33.Qxe6 fxe6 34.Rxf6 e5 35.Re6 Rd2+
36.Kb3 Rxh2 37.Rxe5 Rh3 38.Re7+ Kb8 39.a4 h5 40.Re6 Kb7 41.Re7+ Bc7 42.Rh7 Kc8
43.Rh8+ Kd7 44.Rh7+ Kc6 45.Rh6+ Kb7 46.Rh7 Kc8 47.Rh8+ Kd7 48.Rh7+ Kc6 49.Rh6+ Kd5
50.Rxa6 Rxg3 51.Rh6 Be5 52.Rxh5 Rxc3+ 53.Ka2 Re3 54.Kb1 Re2 55.Kc1 Kc4 56.Kd1 Re4
57.Rh3 Bc3 58.Kc2 Re2+ 59.Kd1 Rd2+ 60.Kc1 Kb3 61.Rf3 Re2 62.Rf1 Bxb4 63.a5 Bxa5
64.Kd1 Rd2+ 65.Kc1 Ra2 66.Kd1 Bc3 67.Rf7 Rd2+ 68.Kc1 Re2 69.Rf1 Kc4 70.Rf8 Kd3
71.Rf3+ Kc4 72.Rf8 Bd4 73.Rf3 Be3+ 74.Kd1 Kd3 75.Rf8 Rg2 76.Rd8+ Bd4 77.Re8 Bc3
78.Rd8+ Bd4 79.Re8 Ra2 80.Rc8 Ra1+ 81.Rc1 Ra2 82.Rc8 Rh2 83.Re8 Bb6 84.Re7 Bc5
85.Re8 Bb4 86.Rd8+ Kc3 87.Rc8+ Kb3 88.Rd8 Bc3 89.Rb8+ Kc4 90.Rc8+ Kd3 91.Rd8+ Bd4
92.Re8 Rh5 93.Re7 Rb5 94.Rc7 Rb8 95.Rc6 Re8 96.Rc7 Rh8 97.Re7 Bc5 98.Rd7+ Bd4
99.Re7 Rh1+ 100.Re1 Rh2 101.Re8 Rd2+ 102.Ke1 Rg2 103.Kd1 Rg1+ 104.Re1 Rxe1+
105.Kxe1  1/2-1/2

[Event "4th I.Platonov Mem"]
[Site "Kyiv UKR"]
[Date "2006.01.15"]
[Round "9"]
[White "Vedmediuc,S"]
[Black "Shishkin,Va UKR"]
[Result "0-1"]
[WhiteElo "2348"]
[BlackElo "2545"]

1.e4 c5 2.Nf3 Nc6 3.d4 cxd4 4.Nxd4 Nf6 5.Nc3 d6 6.Bg5 Qb6 7.Nb3 e6 8.Bxf6 gxf6
9.Be2 Be7 10.Bh5 O-O 11.O-O Kh8 12.Kh1 Bd7 13.f4 Na5 14.Rf3 Nc4 15.Rb1 Rac8
16.Qe2 a5 17.Rg3 a4 18.Nd2 Qc5 19.Nxc4 Qxc4 20.Qd2 Bc6 21.Qe1 f5 22.b3 axb3
23.cxb3 Qc5 24.b4 Qc4 25.Be2 Qd4 26.Rd3 Qf6 27.exf5 Rg8 28.Rg3 Rxg3 29.hxg3 Qxf5
30.Kh2 Bf6 31.Rb3 Qg6 32.Qd2 Rg8 33.g4 Qh6+ 34.Kg1 Be5 35.Bf3 Bxf4 36.Qd3 Be5
37.Ne2 Bxf3 38.Qxf3 Qd2 39.Rb1 Qxa2 40.Rf1 Qc4 41.g5 Qh4 42.g3 Qxg5 43.Kg2 f5
44.Kf2 Qg4 45.Qd3 Qxb4 46.Rb1 Qc5+ 47.Kf3 Qc6+ 48.Kf2 Rc8 49.Rb5 Qc2 50.Qe3 Qc6
51.Qd3 Rc7 52.Rb3 Qc5+ 53.Kf1 Kg7 54.Rb5 Qc6 55.Kf2 Qe4 56.Qb3 Rc2 57.Rxb7+ Kf6
58.Qe3 Bd4  0-1

[Event "Classic"]
[Site "Queenstown NZL"]
[Date "2006.01.15"]
[Round "1"]
[White "Stojic,S"]
[Black "Chandler,M"]
[Result "0-1"]
[WhiteElo "1978"]
[BlackElo "2537"]

1.e4 c5 2.Nf3 d6 3.d4 cxd4 4.Nxd4 Nf6 5.Nc3 Nc6 6.Bg5 e6 7.Qd2 a6 8.O-O-O Be7
9.f4 Nxd4 10.Qxd4 b5 11.e5 dxe5 12.Qxd8+ Bxd8 13.fxe5 Nd7 14.Bxd8 Kxd8 15.Bd3 Ke7
16.Rhe1 Ra7 17.Nb1 Rc7 18.Nd2 Bb7 19.Be4 Nxe5 20.Kb1 Bxe4 21.Rxe4 f6 22.Rde1 Rc6
23.Nb3 Rd8 24.Nd4 Rcd6 25.c3 b4 26.Kc2 Rc8 27.R1e2 g5 28.h4 g4 29.Rf2 Rd5
30.Rfe2 bxc3 31.bxc3 Rdc5 32.R4e3 Ra5 33.Kb1 Rb8+ 34.Kc1 Rb6 35.Nb3 Rd5 36.Nd4 h5
37.Kc2 Kf7 38.Kc1 Rdd6 39.Rf2 Ng6 40.g3 Ne7 41.Kc2 Kg6 42.Re1 e5 43.Nb3 Nf5
44.Rg2 Rbc6 45.Na5 Rc7 46.Kb2 Rd3  0-1

[Event "Open A"]
[Site "Prague CZE"]
[Date "2006.01.16"]
[Round "5"]
[White "Neelotpal,D"]
[Black "Zemerov,V"]
[Result "1-0"]
[WhiteElo "2509"]
[BlackElo "2315"]

1.e4 c5 2.Nf3 d6 3.Nc3 Nf6 4.d4 cxd4 5.Nxd4 Nc6 6.Bg5 Bd7 7.Nb3 Rc8 8.Be2 e6
9.O-O a6 10.a4 h6 11.Be3 Be7 12.a5 O-O 13.f4 Nb4 14.Bf3 Bc6 15.Nd4 Bd7 16.e5 dxe5
17.fxe5 Nfd5 18.Nxd5 Nxd5 19.Bxd5 exd5 20.Qf3 Be6 21.c3 Bg5 22.Bf4 Qe7 23.Qe3 Bxf4
24.Rxf4 Qc7 25.Rf3 Rce8 26.Rg3 Kh8 27.Rf1 Bc8 28.Rf6 Kh7 29.Rxg7+  1-0

[Event "4th Parsvnath Open"]
[Site "New Delhi IND"]
[Date "2006.01.17"]
[Round "4"]
[White "Swathi,G"]
[Black "Anilkumar,KV"]
[Result "1-0"]
[WhiteElo "2244"]
[BlackElo "2016"]

1.e4 c5 2.Nf3 Nc6 3.d4 cxd4 4.Nxd4 Nf6 5.Nc3 d6 6.Bg5 e6 7.Qd2 a6 8.O-O-O Nxd4
9.Qxd4 Be7 10.f4 b5 11.Bxf6 gxf6 12.Be2 Qc7 13.Rhf1 Qc5 14.f5 Qxd4 15.Rxd4 O-O
16.a3 Rd8 17.Rd3 Ra7 18.Kb1 Kh8 19.Bh5 Rf8 20.Rf4 exf5 21.exf5 Rg8 22.Bf3 Rg5
23.g4 Rg8 24.Bc6 Kg7 25.Nd5 Bd8 26.Re4 Bb7 27.Rc3 Bc8 28.Rce3 Bd7 29.Bxd7 Rxd7
30.Re8 Rf8 31.Kc1 a5 32.c3 b4 33.axb4 axb4 34.Rxf8 Kxf8 35.Nxb4 Bb6 36.Rd3 Bc5
37.Nd5 Kg7 38.b4 Bg1 39.h3 Bh2 40.Rd2 Be5 41.Ra2 Rb7 42.Kc2 h5 43.Ra8 hxg4
44.hxg4 Kh6 45.Kd3 Kg5 46.Rg8+ Kh4 47.Kc4 Ra7 48.b5 Ra1 49.b6 Rb1 50.Rg7 Rb2
51.Nb4 d5+ 52.Nxd5 Rg2 53.b7 Rxg4+ 54.Rxg4+ Kxg4 55.Nxf6+ Kxf5 56.Nd7 Bc7
57.Kd5 Kf4 58.b8=Q Bxb8 59.Nxb8 f5 60.Nd7 Kg5 61.c4 f4 62.Ne5 Kf6 63.Kd6 f3
64.Nxf3  1-0

[Event "Open A"]
[Site "Prague CZE"]
[Date "2006.01.17"]
[Round "6"]
[White "Kvisla,J"]
[Black "Sorensen,Jo"]
[Result "1-0"]
[WhiteElo "2123"]
[BlackElo "2121"]

1.e4 c5 2.Nf3 Nc6 3.d4 cxd4 4.Nxd4 d6 5.Nc3 Nf6 6.Bg5 e6 7.Qd2 Be7 8.O-O-O a6
9.f3 Qc7 10.Be3 b5 11.Bd3 Bb7 12.g4 h6 13.h4 O-O-O 14.Kb1 Ne5 15.Qf2 d5 16.Ndxb5 axb5
17.Nxb5 Nxd3 18.cxd3 Qa5 19.Rc1+ Kd7 20.Rc7+ Ke8 21.Rxb7 Nd7 22.Bd2 Qa6 23.Nc7+  1-0

[Event "Winter Cup"]
[Site "Bucharest ROM"]
[Date "2006.01.18"]
[Round "5"]
[White "Murariu,A"]
[Black "Lupulescu,C"]
[Result "1/2-1/2"]
[WhiteElo "2441"]
[BlackElo "2528"]

1.e4 c5 2.Nf3 d6 3.d4 cxd4 4.Nxd4 Nf6 5.Nc3 Nc6 6.Bg5 e6 7.Qd2 a6 8.O-O-O Bd7
9.f4 b5 10.Bxf6 gxf6 11.Kb1 Qb6 12.Nxc6 Bxc6 13.f5 Qc5 14.Bd3 O-O-O 15.Rhf1 Be7
16.Qe2 Kb8 17.a4 bxa4 18.Bxa6 Ka7 19.Bb5 Bxb5 20.Nxb5+ Kb6 21.Na3 Rb8 22.Ka2 Kc7
23.Rf3 Kd7 24.Qc4 Qb4 25.Qxb4 Rxb4 26.c4 Rg8 27.Rd2 Rg4 28.Re2 h6 29.Rc3 exf5
30.exf5 h5 31.g3 h4 32.gxh4 Rxh4 33.Rd3 Bf8 34.Red2 Rf4 35.Nb5 Rbxc4 36.Nxd6 Bxd6
37.Rxd6+ Ke7 38.R6d5 Rb4 39.h3 Rb8 40.Rc5 Kf8 41.Rdc2 Kg7 42.R5c4 Rxf5 43.Rxa4 Rfb5
44.Rg4+ Rg5 45.Rcg2 Kh6 46.b3 Kh5 47.Kb2 Rg6 48.Rf2 Rxg4 49.hxg4+ Kxg4 50.Rxf6 Rb7
51.Kc3 Kg5 52.Rf1 f5 53.b4 f4 54.Kc4 Kg4 55.b5 f3 56.Kc5 Kg3 57.b6 f2 58.Kc6 Rxb6+
59.Kxb6 Kg2 60.Ra1 f1=Q 61.Rxf1 Kxf1  1/2-1/2

[Event "4th Parsvnath Open"]
[Site "New Delhi IND"]
[Date "2006.01.19"]
[Round "7"]
[White "Sandipan,C"]
[Black "Sareen,V"]
[Result "1/2-1/2"]
[WhiteElo "2522"]
[BlackElo "2380"]

1.e4 c5 2.Nf3 d6 3.d4 cxd4 4.Nxd4 Nf6 5.Nc3 Nc6 6.Bg5 e6 7.Qd2 Be7 8.O-O-O O-O
9.f4 Nxd4 10.Qxd4 Qa5 11.Bc4 Bd7 12.e5 dxe5 13.fxe5 Bc6 14.Bd2 Nd7 15.Nd5 Qd8
16.Nxe7+ Qxe7 17.Rhe1 Rfd8 18.Qg4 Nf8 19.Bd3 Rd5 20.Bb4 Qd8 21.h4 Ng6 22.Bxg6 hxg6
23.h5 gxh5 24.Qxh5 f5 25.Qg6 Qe8 26.Qg5 Rad8 27.Bd6 Rc8 28.b3 b5 29.Re3 Rxd1+
30.Kxd1 Be4 31.c3 Qd8 32.Qg6 Qe8 33.Qg5 Qd8 34.Qg6 Qe8  1/2-1/2

[Event "Open A"]
[Site "Prague CZE"]
[Date "2006.01.19"]
[Round "8"]
[White "Madan,A"]
[Black "Leks,H"]
[Result "1-0"]
[WhiteElo "2388"]
[BlackElo "2209"]

1.e4 c5 2.Nf3 d6 3.d4 cxd4 4.Nxd4 Nf6 5.Nc3 Nc6 6.Bg5 e6 7.Qd2 a6 8.O-O-O h6
9.Be3 Nxd4 10.Bxd4 b5 11.f3 Qa5 12.a3 Bb7 13.Kb1 Qc7 14.g4 O-O-O 15.a4 b4
16.Na2 e5 17.Be3 d5 18.Nxb4 Bxb4 19.Qxb4 dxe4 20.Bc4 Nd5 21.Rxd5 Rxd5 22.Bxd5 Bxd5
23.fxe4 a5 24.Qc5 Bxe4 25.Re1 Rd8 26.Qxc7+ Kxc7 27.Bxh6 gxh6 28.Rxe4 f6 29.Kc1 Kc6
30.h3 Kd5 31.Re1 Re8 32.Rf1 Ke4 33.Rxf6 Ke3 34.Rxh6 e4 35.Rc6 Rh8 36.b4 axb4
37.a5 Kf4 38.Rf6+ Kg3 39.Kd2 Rxh3 40.Ke3 Kxg4+ 41.Kxe4 Rc3 42.Rb6 Rxc2 43.Rxb4 Ra2
44.Rb5 Ra4+ 45.Kd5 Kf5 46.Kc6+ Ke4 47.Kb6 Kd4 48.a6 Rc4 49.Rb1  1-0

[Event "4th Parsvnath Open"]
[Site "New Delhi IND"]
[Date "2006.01.21"]
[Round "9"]
[White "Konguvel,P"]
[Black "Venkatesh,M"]
[Result "0-1"]
[WhiteElo "2400"]
[BlackElo "2438"]

1.e4 c5 2.Nf3 Nc6 3.d4 cxd4 4.Nxd4 Nf6 5.Nc3 d6 6.Bg5 e6 7.Qd2 a6 8.O-O-O Bd7
9.f3 Be7 10.Be3 h5 11.h3 Qc7 12.Kb1 Na5 13.Bd3 h4 14.f4 b5 15.Qf2 Nc4 16.Bc1 b4
17.Nce2 a5 18.Rhe1 a4 19.Nf3 b3 20.cxb3 axb3 21.axb3 Na5 22.Nfd4 Qa7 23.Qe3 O-O
24.Nc3 Rfc8 25.Bd2 d5 26.Ndb5 Qb7 27.exd5 Nxb3 28.d6 Bxb5 29.dxe7 Nd5 30.Bxb5 Nxe3
31.e8=Q+ Rxe8 32.Bxe3 Rac8  0-1

[Event "TCh-HUN 2005-6"]
[Site "Hungary HUN"]
[Date "2006.01.22"]
[Round "6"]
[White "Acs,P"]
[Black "Kiss,At"]
[Result "1/2-1/2"]
[WhiteElo "2518"]
[BlackElo "2412"]

1.e4 c5 2.Nf3 Nc6 3.d4 cxd4 4.Nxd4 Nf6 5.Nc3 d6 6.Bg5 e6 7.Qd2 a6 8.O-O-O Bd7
9.f4 h6 10.Bh4 g5 11.fxg5 Ng4 12.Be2 Nge5 13.Nf3 Be7 14.Rhg1 b5 15.Rdf1 b4
16.Nd1 hxg5 17.Bxg5 Bxg5 18.Nxg5 Qa5 19.Kb1 b3 20.Qxa5 bxc2+ 21.Kxc2 Nxa5
22.h3 Bb5 23.Nc3 Bxe2 24.Nxe2 Nac4 25.Rc1 Ke7 26.b3 Rag8 27.Nxf7 Na3+ 28.Kb2 Nd3+
29.Kxa3 Nxc1 30.Rxc1 Kxf7 31.Nf4 Rc8 32.Rf1 Rhf8 33.Rf3 e5 34.Nd5+ Ke6 35.Re3 Rc5
36.Nc3 Rf2 37.b4 Rc4 38.g4 Rd4 39.g5 Rfd2 40.h4 R2d3 41.Rxd3 Rxd3 42.Kb3 Rh3
43.a4 Rxh4 44.a5 Kd7 45.b5 axb5 46.a6 Kc6 47.a7 Kb7 48.Nxb5 Rg4 49.Kc4 Rxe4+
50.Kd5 Rg4 51.Nxd6+ Kxa7 52.Ne4 Kb7 53.Kxe5 Kc6 54.Kf5  1/2-1/2

[Event "TCh-HUN 2005-6"]
[Site "Hungary HUN"]
[Date "2006.01.22"]
[Round "6"]
[White "Meszaros,Mi"]
[Black "Nevednichy,V"]
[Result "0-1"]
[WhiteElo "2348"]
[BlackElo "2581"]

1.e4 c5 2.Nf3 d6 3.d4 cxd4 4.Nxd4 Nf6 5.Nc3 Nc6 6.Bg5 e6 7.Qd2 a6 8.O-O-O Bd7
9.f3 Be7 10.h4 h6 11.Be3 h5 12.Bg5 Ne5 13.Kb1 b5 14.Qe1 Qc7 15.Nce2 g6 16.Ng3 Rc8
17.Be2 Nc6 18.Nxc6 Qxc6 19.Bd3 e5 20.f4 Ng4 21.Bxe7 Kxe7 22.Rf1 Qc5 23.Rd2 a5
24.Rf3 exf4 25.Ne2 Ne5 26.Rxf4 b4 27.Rf1 Qe3 28.Nf4 Qxe1+ 29.Rxe1 Bc6 30.b3 Ra8
31.c3 Rhb8 32.c4 a4 33.Bc2 Ra5 34.Rd4 axb3 35.Bxb3 Rb6 36.Kb2 Ng4 37.Red1 Bb7
38.Nd5+ Bxd5 39.Rxd5 Rc5 40.R1d2 Nf6 41.R5d4 Re5 42.Bc2 Re6 43.Re2 Ra6 44.Re3 Re5
45.Rb3 Rb6 46.Re3 Nd7 47.Rd5 Nc5 48.g4 hxg4 49.Rg3 Rb8 50.Rxg4 Rh8 51.a3 bxa3+
52.Kxa3 Ke6 53.Kb4 Nd7 54.Rf4 Ke7 55.Kc3 Nc5 56.Rg4 Reh5 57.Rgg5 Rxg5 58.hxg5 Rh3+
59.Kb4 Na6+ 60.Ka5 Ra3+ 61.Ba4 Nc7 62.Rd2 Ne6 63.Kb4 Re3 64.Bc6 Nxg5 65.Rd4 Re1
66.Bd5 Nf3 67.Rd3 Ne5 68.Rb3 Rc1 69.Ra3 g5 70.Ra7+ Kf8 71.Ra8+ Kg7 72.Rd8 g4
73.Rxd6 g3 74.Bxf7 g2  0-1

[Event "Gibtelecom Masters"]
[Site "Gibraltar ENG"]
[Date "2006.01.25"]
[Round "2"]
[White "Al Modiahki,M"]
[Black "Bakre,T"]
[Result "1-0"]
[WhiteElo "2579"]
[BlackElo "2480"]

1.e4 c5 2.Nf3 d6 3.d4 cxd4 4.Nxd4 Nf6 5.Nc3 Nc6 6.Bg5 e6 7.Qd2 a6 8.O-O-O Bd7
9.f4 b5 10.Bxf6 gxf6 11.f5 Nxd4 12.Qxd4 Bh6+ 13.Kb1 Bf4 14.fxe6 fxe6 15.Ne2 Be5
16.Qf2 Bc6 17.Nf4 Qe7 18.Bd3 Rg8 19.g3 Kf7 20.Rhe1 Kg7 21.Bf1 Kh8 22.Bh3 Bd7
23.Rd2 a5 24.Red1 Ra6 25.Nd3 Rg5 26.Bf1 Be8 27.a4 Ra8 28.Nxe5 Rxe5 29.axb5 Rd8
30.Qb6 d5 31.exd5 Rexd5 32.Rxd5 Rxd5 33.Rxd5 exd5 34.Qxa5 Qe3 35.Bd3 Bg6
36.Bxg6 hxg6 37.b6 Qe2 38.b7  1-0

[Event "14th FAJR Open"]
[Site "Tehran IRI"]
[Date "2006.01.25"]
[Round "2"]
[White "Oveisi,R"]
[Black "Guliev,L"]
[Result "1/2-1/2"]
[WhiteElo "2137"]
[BlackElo "2374"]

1.e4 c5 2.Nf3 Nc6 3.d4 cxd4 4.Nxd4 Nf6 5.Nc3 d6 6.Bg5 e6 7.Qd2 a6 8.O-O-O h6
9.Bh4 Bd7 10.Kb1 Nxe4 11.Nxe4 Qxh4 12.Nxd6+ Bxd6 13.Nf3 Qe7 14.Qxd6 Qxd6
15.Rxd6 Ke7 16.Rd2 Rac8 17.Be2 e5 18.Re1 Be6 19.Bd3 f6 20.Be4 g5 21.g3 h5
22.h4 g4 23.Ng1 Rhd8 24.Red1 Rxd2 25.Rxd2 f5 26.Bxc6 Rxc6 27.Ne2 Bc4 28.Nc3 f4
29.Kc1 fxg3 30.fxg3 Rf6 31.Ne4 Rf3 32.b3 Bb5 33.Rd5 Ke6 34.c4 Bc6 35.Ng5+ Kf5
36.Nxf3 Bxd5 37.Ng5 Be4 38.b4 Bd3 39.c5 Bc4 40.a3 e4 41.Kd2 Ke5 42.Ke3 Bd5
43.Nh7 Bf7 44.Nf8 Be8 45.Nh7 Bg6 46.Ng5 Kd5 47.Kd2 a5 48.bxa5 Kxc5 49.Ne6+ Kd6
50.Nf4 Bf7 51.Ke3 Ke5 52.Ne2 Be8 53.Nd4 Bf7 54.Nc2 Bc4 55.Nb4 Bb5 56.Nc2 Be8
57.Nb4 Bb5 58.Na2 Ba6 59.Nc3 Bd3 60.Na4 Kd5 61.Nb6+ Kc6 62.Nc8 Kd7 63.Nb6+  1/2-1/2

[Event "Gibtelecom Masters"]
[Site "Gibraltar ENG"]
[Date "2006.01.26"]
[Round "3"]
[White "Kobalia,M"]
[Black "Wells,P"]
[Result "1-0"]
[WhiteElo "2654"]
[BlackElo "2501"]

1.e4 c5 2.Nf3 Nc6 3.d4 cxd4 4.Nxd4 Nf6 5.Nc3 d6 6.Bg5 e6 7.Qd2 Be7 8.O-O-O O-O
9.f4 Nxd4 10.Qxd4 Qa5 11.Bc4 Bd7 12.e5 dxe5 13.fxe5 Bc6 14.Bd2 Nd7 15.Nd5 Qd8
16.Nxe7+ Qxe7 17.Rhe1 Rfd8 18.Qg4 Nf8 19.Bd3 Rd5 20.Be4 Rd7 21.Bb4 Rxd1+
22.Rxd1 Qc7 23.Bd6 Qb6 24.Bxc6 Qxc6 25.Qf3 Qxf3 26.gxf3 Ng6 27.Rd4 Rd8 28.c4 a6
29.c5 f6 30.exf6 gxf6 31.a4 Kf7 32.b4 Rc8 33.Bg3 Ke7 34.Bd6+ Kf7 35.b5 e5
36.bxa6 bxa6 37.Rb4 Nf4 38.Kd2 Ne6 39.Ke3 h5 40.Ke4 Nxc5+ 41.Kf5 e4 42.fxe4 Rc6
43.e5 fxe5 44.Bxe5 Nd7 45.Bd4 Rd6 46.Rc4 Rd5+ 47.Ke4 Rd6 48.h4 Ke6 49.Rc8 Nf6+
50.Kd3 Nd5 51.Rh8 Kf7 52.Ke4 Nf6+ 53.Bxf6 Rxf6 54.Rxh5 Rb6 55.Rd5 Kf6 56.Kd3 Ke6
57.Kc4 Rb1 58.Ra5 Rh1 59.Rxa6+ Kd7 60.Rh6 Kc7 61.Kb5 Kb7 62.Rh7+ Kb8 63.Ka6 Rf1
64.Rh8+ Kc7 65.a5 Rf5 66.Rh7+ Kc6 67.Rh6+ Kc7 68.Rb6 Rh5 69.Rb4 Kc6 70.Rc4+ Kd5
71.Kb5 Rh8 72.Rc5+ Kd6 73.Rc6+ Kd7 74.a6 Rh5+ 75.Rc5 Rxh4 76.a7  1-0

[Event "11th HIT Open A"]
[Site "Nova Gorica SLO"]
[Date "2006.01.31"]
[Round "8"]
[White "Korneev,O"]
[Black "Kozul,Z"]
[Result "1/2-1/2"]
[WhiteElo "2649"]
[BlackElo "2600"]

1.e4 c5 2.Nf3 Nc6 3.d4 cxd4 4.Nxd4 Nf6 5.Nc3 d6 6.Bg5 e6 7.Qd2 a6 8.O-O-O Bd7
9.f3 Rc8 10.Nxc6 Bxc6 11.Kb1 Be7 12.Bd3 Qc7 13.Ne2 O-O 14.g4 d5 15.exd5 Bxd5
16.Rhf1 Rfd8 17.Nf4 Bc4 18.Qc3 h6 19.Bxf6 Bxf6 20.Qxc4 Qxc4 21.Bxc4 Rxd1+
22.Rxd1 Rxc4 23.Nd3 Kf8 24.c3 h5 25.h3 Ke7 26.Kc2 Rc8 27.Kd2 hxg4 28.hxg4 g6
29.Ke3 e5 30.f4 exf4+ 31.Nxf4 Be5 32.Ke4 Bd6 33.Nd5+ Ke6 34.Nf4+ Kd7 35.Nd5 Rh8
36.Rf1 Re8+ 37.Kd3 Re5 38.c4 f5 39.gxf5 Rxf5 40.Rxf5 gxf5 41.b4 Ke6 42.a3 Ke5
43.Ke3 Bf8 44.Nb6 Bh6+ 45.Kd3 Bc1 46.a4 Ba3 47.Nd5 f4 48.a5 Bc1 49.Nc3 Ba3
50.Nd5 Kf5 51.b5 f3 52.Ke3 Kg4 53.Nf6+ Kg3 54.Ne4+ Kg4 55.Nf6+ Kg3 56.Nh5+ Kg4  1/2-1/2

[Event "FSGM February"]
[Site "Budapest HUN"]
[Date "2006.02.05"]
[Round "2"]
[White "Nemeth,Mi1"]
[Black "Murariu,A"]
[Result "1/2-1/2"]
[WhiteElo "2378"]
[BlackElo "2461"]

1.e4 c5 2.Nf3 Nc6 3.d4 cxd4 4.Nxd4 Nf6 5.Nc3 d6 6.Bg5 Bd7 7.Nb3 a6 8.Be2 e6
9.a4 b6 10.O-O Nb4 11.f4 Be7 12.Bf3 Bc6 13.Nd4 Bb7 14.Qd2 O-O 15.Nce2 a5
16.c3 Na6 17.e5 Ne4 18.Bxe4 Bxe4 19.Bxe7 Qxe7 20.exd6 Qxd6 21.Ng3 Bb7 22.f5 Rfe8
23.Nh5 f6 24.fxe6 Re7 25.Rf2 Nc5 26.Nf5 Qxe6 27.Nxe7+ Qxe7 28.Qe2 Qf7 29.Re1 f5
30.Ng3 g6 31.Qc2 Bc6 32.Rf4  1/2-1/2

[Event "FSGM February"]
[Site "Budapest HUN"]
[Date "2006.02.06"]
[Round "3"]
[White "Paschall,W"]
[Black "Muir,A"]
[Result "0-1"]
[WhiteElo "2368"]
[BlackElo "2325"]

1.e4 c5 2.Nf3 Nc6 3.d4 cxd4 4.Nxd4 Nf6 5.Nc3 d6 6.Bg5 e6 7.Qd2 a6 8.O-O-O Bd7
9.f4 h6 10.Bxf6 Qxf6 11.Nf3 Qd8 12.Kb1 Be7 13.g4 b5 14.e5 d5 15.Ne2 h5 16.gxh5 Rxh5
17.Ng3 Rh8 18.h4 Qc7 19.Bd3 O-O-O 20.Qe2 Na5 21.c3 Kb7 22.h5 Rc8 23.Rc1 Qb6
24.Rhd1 Rhd8 25.Nd4 b4 26.cxb4 Bxb4 27.Rxc8 Rxc8 28.Nc2 Be7 29.Qd2 Ba4 30.Rc1 Nc4
31.Bxc4 Rxc4 32.Ne2 Bc5 33.Nc3 Bxc2+ 34.Rxc2 Be3 35.Qg2 Rxf4 36.Ne2 Rf2 37.Qxg7 Qb4
38.a3 Qe4 39.Qf8  0-1

[Event "ch-UKR b-20"]
[Site "Lviv UKR"]
[Date "2006.02.08"]
[Round "7"]
[White "Yaremko,N"]
[Black "Vovk,A"]
[Result "0-1"]
[WhiteElo "2246"]
[BlackElo "2325"]

1.e4 c5 2.Nf3 Nc6 3.d4 cxd4 4.Nxd4 Nf6 5.Nc3 d6 6.Bg5 e6 7.Qd2 a6 8.O-O-O Bd7
9.f3 Be7 10.Kb1 Rc8 11.h4 b5 12.g4 h5 13.gxh5 Rxh5 14.Bxb5 axb5 15.Ndxb5 Ne5
16.Nxd6+ Bxd6 17.Qxd6 Nc4 18.Qd4 e5 19.Qa7 Rc7 20.Bxf6 Rxa7 21.Bxd8 Kxd8
22.Nd5 Rh6 23.b3 Nb6 24.Ne3 Ke8 25.c4 Rf6 26.Rdf1 Bc6 27.Rhg1 Rxf3 28.Nd5 Rxf1+
29.Rxf1 Nc8 30.Kb2 Nd6 31.Re1 f6 32.a4 Kf7 33.Nc3 Rb7 34.Kc2 Ke6 35.c5 Nf7
36.a5 g5 37.a6 Rb4 38.a7 gxh4 39.Nd5 Rd4 40.Rf1 Rxd5 41.exd5+ Bxd5  0-1

[Event "ch-CUB sf"]
[Site "Santa Clara CUB"]
[Date "2006.02.11"]
[Round "7"]
[White "Gonzalez,Y"]
[Black "Borges,Y"]
[Result "1/2-1/2"]
[WhiteElo "2511"]
[BlackElo "2362"]

1.e4 c5 2.Nf3 d6 3.d4 cxd4 4.Nxd4 Nf6 5.Nc3 Nc6 6.Bg5 e6 7.Qd2 Be7 8.O-O-O O-O
9.f4 Nxd4 10.Qxd4 Qa5 11.Kb1 Rd8 12.Qd2 h6 13.Bxf6 Bxf6 14.Nd5 Qxd2 15.Nxf6+ gxf6
16.Rxd2 Kf8 17.Be2 b6 18.Rhd1 Ke7 19.e5 d5 20.exf6+ Kxf6 21.c4 Bb7 22.Bf3 Rd7
23.b3 Rad8 24.Kb2 Bc6 25.Kc3 Rc8 26.Kb2 Rcd8 27.cxd5 Bxd5 28.Be4 Bc6 29.Rxd7 Rxd7
30.Rxd7 Bxd7 31.Kc3 e5 32.g3 exf4 33.gxf4 Ke6 34.Kd4 Kd6 35.Bd5 f6 36.b4 Bf5  1/2-1/2

[Event "TCh-FIN 2005-6"]
[Site "Tampere FIN"]
[Date "2006.02.11"]
[Round "7"]
[White "Penttinen,J"]
[Black "Pulkkinen,K"]
[Result "1/2-1/2"]
[WhiteElo "2318"]
[BlackElo "2318"]

1.e4 c5 2.Nf3 d6 3.d4 cxd4 4.Nxd4 Nf6 5.Nc3 Nc6 6.Bg5 e6 7.Qd2 a6 8.O-O-O h6
9.Be3 Bd7 10.Be2 b5 11.a3 Qa5 12.Nb3 Qc7 13.f4 Be7 14.g4 O-O-O 15.Qe1 Kb8
16.Qf2 Rc8 17.Bb6 Qb7 18.Bf3 Be8 19.Na5 Nxa5 20.Bxa5 Bc6 21.Rhe1 g5 22.f5 h5
23.gxh5 g4 24.Bh1 Rxh5 25.fxe6 fxe6 26.Bb4 Qc7 27.Bxd6 Bxd6 28.Rxd6 Qxd6
29.Qb6+ Ka8 30.Qxa6+ Kb8 31.Qb6+ Ka8 32.Qa6+  1/2-1/2

[Event "TCh-HUN 2005-6"]
[Site "Hungary HUN"]
[Date "2006.02.12"]
[Round "7"]
[White "Kubacsny,L"]
[Black "Liptay,L"]
[Result "1/2-1/2"]
[WhiteElo "2384"]
[BlackElo "2334"]

1.e4 c5 2.Nf3 Nc6 3.d4 cxd4 4.Nxd4 Nf6 5.Nc3 d6 6.Bg5 Bd7 7.Qd2 Nxd4 8.Qxd4 Qa5
9.f4 e6 10.O-O-O Be7 11.Bxf6 Bxf6 12.e5 Be7 13.exd6 Bf6 14.Qe3 Rc8 15.Nd5 Qxa2
16.Nxf6+ gxf6 17.Qd4 Qa4 18.Qxa4 Bxa4 19.b3 Bc6 20.Rg1 O-O 21.Kb2 Rfd8 22.c4 Rd7
23.Be2 b6 24.Rd2 Rcd8 25.Rgd1 a5 26.g3 Kg7 27.Kc3 f5 28.b4 axb4+ 29.Kxb4 Ra8
30.Rb2 Kf6 31.Rdd2 e5 32.Bd1 e4 33.Kc3 e3 34.Rd3 Be4 35.Rxe3 Rxd6 36.Bc2 Bxc2
37.Kxc2 Rc8 38.Rc3 Rdc6 39.Rb5  1/2-1/2

[Event "TCh-HUN 2005-6"]
[Site "Hungary HUN"]
[Date "2006.02.12"]
[Round "7"]
[White "Fogarasi,T"]
[Black "Acs,P"]
[Result "0-1"]
[WhiteElo "2481"]
[BlackElo "2518"]

1.e4 c5 2.Nf3 d6 3.d4 cxd4 4.Nxd4 Nf6 5.Nc3 Nc6 6.Bg5 e6 7.Qd2 a6 8.Be2 Be7
9.O-O-O Bd7 10.f4 h6 11.Bh4 b5 12.Bf3 Rc8 13.Bg3 Nxd4 14.Qxd4 Bc6 15.e5 Bxf3
16.gxf3 dxe5 17.fxe5 Qxd4 18.Rxd4 Nd7 19.Ne4 Nb6 20.Nd6+ Bxd6 21.Rxd6 Nd5
22.Rxa6 h5 23.a3 h4 24.Bf2 Rh5 25.c3 b4 26.axb4 Nxb4 27.Rd6 Rxe5 28.Kd2 Nd5
29.Bxh4 Ne3 30.Rd4 Nc4+ 31.Kc1 Re2 32.Re4 Rxb2 33.Rxc4 Rxc4 34.Kxb2 Rxh4
35.Kb3 Kd7 36.c4 Kc6 37.Kb4 Rh3 38.Ra1 Rxf3 39.Ra6+ Kb7 40.Rd6 Kc7 41.c5 Rf2
42.h3 g5 43.Ra6 Rf3 44.Ra7+ Kc6 45.Ra6+ Kb7 46.Rd6 Rxh3 47.Kb5 Rb3+ 48.Kc4 Rf3
49.Kb5 g4 50.Rd7+ Kc8 51.Rd4 g3 52.Kc6 e5 53.Rd1 g2 54.Rg1 Rg3 55.Kd6 Rg5
56.Ke7 e4 57.Kf6 Rg6+ 58.Kxf7 Rg3  0-1

[Event "FSGM February"]
[Site "Budapest HUN"]
[Date "2006.02.13"]
[Round "10"]
[White "Murariu,A"]
[Black "Muir,A"]
[Result "1-0"]
[WhiteElo "2461"]
[BlackElo "2325"]

1.e4 c5 2.Nf3 Nc6 3.d4 cxd4 4.Nxd4 Nf6 5.Nc3 d6 6.Bg5 e6 7.Qd2 a6 8.O-O-O Bd7
9.f4 h6 10.Bxf6 Qxf6 11.Nf3 Qd8 12.h4 Be7 13.g4 b5 14.Kb1 Qb6 15.Bd3 O-O-O
16.g5 Kb7 17.f5 Ne5 18.Rhf1 b4 19.Ne2 hxg5 20.hxg5 Nxd3 21.Qxd3 Bb5 22.Qd2 d5
23.e5 Bc5 24.fxe6 Be3 25.Qe1 fxe6 26.Nfd4 Bxe2 27.Rf7+ Ka8 28.Nxe2 Rh2 29.b3 Rc8
30.Rd3 Rch8 31.Rxe3 Qxe3 32.Qxb4 Rb8 33.Qa4 Qb6 34.Nd4 Rhh8 35.Re7 Rh4 36.c3 Rf8
37.Qc6+ Qxc6 38.Nxc6  1-0

[Event "Masters"]
[Site "Bunratty IRL"]
[Date "2006.02.19"]
[Round "6"]
[White "Arakhamia,K"]
[Black "Van Voorthuijsen,PW"]
[Result "1/2-1/2"]
[WhiteElo "2426"]
[BlackElo "2265"]

1.e4 c5 2.Nf3 Nc6 3.d4 cxd4 4.Nxd4 Nf6 5.Nc3 d6 6.Bg5 e6 7.Qd2 Be7 8.O-O-O Nxd4
9.Qxd4 O-O 10.h4 h6 11.Bd2 e5 12.Qd3 Be6 13.f3 d5 14.exd5 Nxd5 15.Nxd5 Qxd5
16.Qxd5 Bxd5 17.Bxh6 Bxa2 18.Rd7 Bc5 19.Bd2 Be6 20.Rxb7 Bb6 21.Bd3 Rfe8 22.Be4 Rac8
23.g4 Rc4 24.b3 Rcc8 25.Kb2 Red8 26.Bc3 Bd5 27.Re7 Bxe4 28.fxe4 Kf8 29.Rb7 Bd4
30.Bxd4 Rxd4 31.Rf1 f6 32.g5 Rc6 33.h5 Rd2 34.h6 Rcxc2+ 35.Ka3 a5 36.hxg7+ Kg8
37.Ka4 Rc5 38.Ka3 Rcc2 39.Ka4  1/2-1/2

[Event "US Amateur Team East"]
[Site "Parsippany USA"]
[Date "2006.02.20"]
[Round "5"]
[White "Panchanathan,M"]
[Black "Fedorowicz,J"]
[Result "0-1"]
[WhiteElo "2494"]
[BlackElo "2493"]

1.e4 c5 2.Nf3 Nc6 3.d4 cxd4 4.Nxd4 Nf6 5.Nc3 d6 6.Bg5 e6 7.Qd2 a6 8.O-O-O Bd7
9.f4 b5 10.Bxf6 gxf6 11.Kb1 Qb6 12.Nf3 b4 13.Ne2 Qc5 14.Ned4 Nxd4 15.Nxd4 a5
16.h4 a4 17.Rh3 h5 18.c3 b3 19.axb3 axb3 20.Nxb3 Qa7 21.c4 Qb7 22.Qd4 e5
23.fxe5 fxe5 24.Qd3 Bxh3 25.gxh3 Rb8 26.Kc2 Rh6 27.c5 Rf6 28.Be2 Rf2 29.Rd2 Bh6
30.Qxd6 Qxb3+ 31.Kb1 Bxd2 32.Qxe5+ Kf8 33.Qh8+ Ke7 34.Qe5+  0-1

[Event "It"]
[Site "Soller ESP"]
[Date "2006.02.21"]
[Round "2"]
[White "Carlsson,P"]
[Black "Mascaro March,P"]
[Result "1/2-1/2"]
[WhiteElo "2430"]
[BlackElo "2359"]

1.e4 c5 2.Nf3 d6 3.d4 cxd4 4.Nxd4 Nf6 5.Nc3 Nc6 6.Bg5 g6 7.Bxf6 exf6 8.Be2 Bg7
9.Ndb5 O-O 10.O-O f5 11.Nxd6 Qb6 12.Nc4 Qc5 13.Qd6 Qxd6 14.Nxd6 Bxc3 15.bxc3 fxe4
16.Nxe4 b6 17.Bf3 Ba6 18.Nf6+ Kg7 19.Bxc6 Bxf1 20.Bxa8 Kxf6 21.Kxf1 Rxa8
22.a4 Rc8 23.Ra3 Rc5 24.Ke2 h5 25.Rb3 Rc4 26.Ra3 h4 27.g3 Kf5 28.a5 Kg4 29.axb6 axb6
30.Kd3 Rc7 31.Ra4+ Kf3 32.Rf4+ Kg2 33.Rxh4 Kxf2 34.c4 Kg2 35.Rh7 Rc6 36.g4 f5
37.gxf5 gxf5 38.Rf7 Rc5 39.Rb7 f4 40.Rxb6 f3 41.Rf6 f2 42.Kd4 Rc8 43.c5 Rd8+
44.Ke5 Re8+ 45.Kd6 Re3 46.c6 Rc3 47.c7 Rxc2 48.h4 Rd2+ 49.Ke7 Rc2 50.Kd8 Rd2+
51.Kc8 f1=Q 52.Rxf1 Kxf1  1/2-1/2